Score 0/23 Timer 07:00
0 Plays Today
% Correct
Magnet
90.1%
Vacuum
89%
Critical temperature
87.9%
Hertz
87.9%
Infrared radiation
87.9%
Neutrino
87.9%
Prism
87.9%
Thermodynamics
87.9%
Atom smasher
86.8%
Conservation of Angular Momentum
86.8%
Force
86.8%
Nuclear physics
86.8%
% Correct
Aerodynamics
84.6%
Chain reaction
84.6%
Lens
84.6%
Microwaves
84.6%
Spectrum
84.6%
Gravity
83.5%
Electron affinity
81.3%
Piezoelectric effect
81.3%
Steady-state theory
81.3%
Radioactivity
80.2%
Domain Theory
57.1%
Remove Ads.
Support Sporcle.
Get the best of Sporcle when you Go Orange. This ad-free experience offers more features, more stats, and more fun while also helping to support Sporcle. Thank you for becoming a member.

You're not logged in!

Compare scores with friends on all Sporcle quizzes.
OR
Log In

Show Comments

Extras

Top Quizzes Today


Score Distribution

Your Account Isn't Verified!

In order to create a playlist on Sporcle, you need to verify the email address you used during registration. Go to your Sporcle Settings to finish the process.

Report this User

Report this user for behavior that violates our Community Guidelines.

Details: